<?xml version="1.0" encoding="UTF-8"?>
<collection xmlns="http://www.loc.gov/MARC21/slim">
 <record>
  <leader>02791naa a2200277 i 4500</leader>
  <controlfield tag="001">acta10203</controlfield>
  <controlfield tag="005">20220322132530.0</controlfield>
  <controlfield tag="008">161015s1999    hu      o     0||   eng d</controlfield>
  <datafield tag="022" ind1=" " ind2=" ">
   <subfield code="a">1418-0448</subfield>
  </datafield>
  <datafield tag="040" ind1=" " ind2=" ">
   <subfield code="a">SZTE Egyetemi Kiadványok Repozitórium</subfield>
   <subfield code="b">hun</subfield>
  </datafield>
  <datafield tag="041" ind1=" " ind2=" ">
   <subfield code="a">eng</subfield>
  </datafield>
  <datafield tag="100" ind1="1" ind2=" ">
   <subfield code="a">Drăgulescu Constantin</subfield>
  </datafield>
  <datafield tag="245" ind1="1" ind2="0">
   <subfield code="a">Wetland flora and vegetation of the Upper Tisa river valley</subfield>
   <subfield code="h">[elektronikus dokumentum] /</subfield>
   <subfield code="c"> Drăgulescu Constantin</subfield>
  </datafield>
  <datafield tag="260" ind1=" " ind2=" ">
   <subfield code="c">1999</subfield>
  </datafield>
  <datafield tag="300" ind1=" " ind2=" ">
   <subfield code="a">213-272</subfield>
  </datafield>
  <datafield tag="490" ind1="0" ind2=" ">
   <subfield code="a">Tiscia monograph series</subfield>
  </datafield>
  <datafield tag="490" ind1="0" ind2=" ">
   <subfield code="a">The Upper Tisa valley : preparatory proposal for Ramsar site designation and an ecological background Hungarian, Romanian, Slovakian and Ukrainian co-operation</subfield>
  </datafield>
  <datafield tag="520" ind1="3" ind2=" ">
   <subfield code="a">This work presents a characterization of the flora and vegetation of the Upper Tisa (upper section of River Tisa) and an enumeration of the hydrophilous, hygrophilous and hygromesophilous species and phytocenoses. In the text we use following abbreviations: lifeforms: Ph = phanerophyte (Mph. = MM.: megaphanerophyte, mPh = M.: mesophanerophyte, nPh = N.: nanophanerophyte), Ch.: chamaephyte, H.: hemicryptophyte, G.: geophyte, T.: therophyte (Th.: annual therophyte, TH.: biannual therophyte), Hh. = HH.: helohydatophyte = hydatohelophyte. Floristic elements. Adv.: Adventive, Afr.: African, Alp.: Alpine, Amphiatl.: Amphiatlantic, Asia (S—, E— = Southern—, Eastern— etc.): Asian, Atl.: Atlantic, B. = Balc.: Balcanic, Bor.: Boreal, Cauc.: Caucasian, Carp.: Carpathian, Cp.: Circumpolar = Circumboreal, C. = Cont. Continental, Cosm.: Cosmopolitan, D.: Dacic, End.: Endemism, Eua. (S—, M— etc. = Southern-, Middle— etc.): Eurasian, Eu. (S—, Ec = M— etc. = Southern-, Central or Middle- etc.): European, Eurosib.: Eurosiberian, M. = Medit.: Mediterranean, Mp. = Ponto-medit.: Pontic-Mediterranean, Palaetrop.: palaetropical, Pn. = Pannon: Pannonic, P. = Ponto-: pontic, Sarmata: Sarmathian, Submedit.: Submediterranean, Subtr.: Subtropical, and combinations of the above mentioned elements.[Mont.: mountainous]. Waterway segments: BT - the Chorna Tisa, WT - the Bila Tisa, MT - the united (joined) mountainous section of River Tisa, JT - the joined Romanian-Ukrainian section of River Tisa, UT - the hilly Ukrainian section of River Tisa, HT - the Hungarian Upper Tisa. The mark (!) indicates that the plant or association was observed by foreign authors.</subfield>
  </datafield>
  <datafield tag="650" ind1=" " ind2="4">
   <subfield code="a">Természettudományok</subfield>
  </datafield>
  <datafield tag="650" ind1=" " ind2="4">
   <subfield code="a">Föld- és kapcsolódó környezettudományok</subfield>
  </datafield>
  <datafield tag="650" ind1=" " ind2="4">
   <subfield code="a">Biológiai tudományok</subfield>
  </datafield>
  <datafield tag="695" ind1=" " ind2=" ">
   <subfield code="a">Tisza - élővilág, Felső-Tisza-vidék - ökológia, Növényvilág</subfield>
  </datafield>
  <datafield tag="700" ind1="0" ind2="1">
   <subfield code="a">Fintha István</subfield>
   <subfield code="e">aut</subfield>
  </datafield>
  <datafield tag="700" ind1="0" ind2="1">
   <subfield code="a">Mihály Andrij</subfield>
   <subfield code="e">aut</subfield>
  </datafield>
  <datafield tag="700" ind1="0" ind2="1">
   <subfield code="a">Szabó Anikó</subfield>
   <subfield code="e">aut</subfield>
  </datafield>
  <datafield tag="856" ind1="4" ind2="0">
   <subfield code="u">http://acta.bibl.u-szeged.hu/10203/1/tiscia_mono_004_213-272.pdf</subfield>
   <subfield code="z">Dokumentum-elérés </subfield>
  </datafield>
 </record>
</collection>
